Il grande mondo dei piccoli (Record n. 336767)

Dettagli MARC
000 -LEADER
campo di controllo lung. fissa nam a22 7a 4500
003 - Identificatore del numero di controllo
campo di controllo IT-MiCISF
005 - Data e orario dell'ultima transazione
campo di controllo 20170908163914.0
008 - Elementi di lunghezza fissa--Informazione generale
campo di controllo lung. fissa 170908b xxu||||| |||| 00| 0 eng d
040 ## - Fonte della catalogazione
Agenzia che fa la trascrizione IT-MiCISF
041 ## - Codice di lingua
Codice di lingua del testo/traccia sonora o titolo separato it
100 ## - Accesso principale -- nome di persona
Nome di persona Bourcier Sylvie
9 (RLIN) 56569
245 ## - Formulazione del titolo
Titolo Il grande mondo dei piccoli
Complemento del titolo I bambini da 0 a 5 anni
260 ## - Pubblicazione, distribuzione, ecc. (stampa)
Luogo di pubblicazione, distribuzione, ecc. Cinisello B. (MI)
Nome dell'editore, distributore, ecc. San Paolo
Data di pubblicazione, distribuzione, ecc. 2009
300 ## - Descrizione fisica
Estensione pp. 183
500 ## - Nota generale
Nota generale bambini, educazione-bambini, figli-piccoli, famiglia, comportamento, scuola
520 ## - Riassunto, ecc.
Nota di riassunto, ecc. Il bambino e la sua famiglia; le emozioni e i comportamenti; il rapporto tra famiglia e asilo; i rapporti con l'ambiente e le persone dell'asilo; le preoccupazioni della prima infanzia, tra le quali l'ingresso alla scuola materna: sono questi i temi toccati da questo manuale pratico e chiaro, rivolto a genitori e educatori. Un libro che aiuta l'adulto a comprendere il grande mondo dei piccoli e ciò che ne fa parte: gli "oggetti transizionali" (coperta preferita, bambola, ciuccio, ecc.), la gelosia, l'assenza del padre, i bambini e il loro rapporto con anziani e malati, il "broncio" e la rabbia, la paura dello sporco, il possesso e la generosità, il rapporto di collaborazione educativa genitore/insegnante della scuola, i rapporti e le gerarchie nel gruppo dei bambini della scuola materna, la violenza fisica sui minori, le punizioni, i diritti dei bambini, la gestione dei sentimenti di collera dei genitori nella loro relazione con figli.
650 ## - Accesso aggiunto di soggetto--termine topico
Termine topico o nome geografico come accesso età-evolutiva
9 (RLIN) 56123
654 ## - Accesso aggiunto di soggetto--termini topici faccettati
Termine principale saggio
942 ## - Dati aggiuntivi (Koha)
Fonte della classificazione o dello schema di collocazione (segnatura) Dewey Decimal Classification
Tipo copia default (Koha) LIBRO
Dati di copia
Ritirato (status) Perso (status) Fonte della classificazione o dello schema di collocazione (segnatura) Danneggiato (status) Non per il presito Biblioteca proprietaria Biblioteca in cui si trova Data d'acquisizione Totale prestiti Collocazione Codice a barre Data ultima operazione Prezzo in vigore dal Tipo copia default (Koha)
    Dewey Decimal Classification Buone Condizioni Not For Loan CISF - Milano CISF - Milano 08/09/2017   a2240 9788821565403 08/09/2017 08/09/2017 LIBRO
CREDITS: SOCIETA' SAN PAOLO Via A.Severo, 58 - ROMA (RM) & PERIODICI SAN PAOLO SRL Via Giotto, 36 MILANO & CISF Via Giotto, 36 MILANO & EDIZIONI SAN PAOLO SRL,  Piazza Soncino, 5 CINISELLO BALSAMO (MI) -- ITALY